Clic Patrimoine immatériel de l'UNESCO - Quel pays en Europe ? - Statistiques

Statistiques générales
  • Ce quiz a été pris 41 fois
  • Le résultat moyen est 10 sur 36
Statistiques - réponses
Hint Extra Hint Réponse % Correct
Le Flamenco Espagne
94%
Le repas gastronomique France
79%
L'art du pizzaiolo Art culinaire Italie
79%
Les crèches de Cracovie Pologne
74%
Le Fado Portugal
59%
Le carnaval de Bâle Suisse
59%
La fête de St Blaise à Dubrovnik Croatie
56%
La culture du sauna Finlande
47%
Les moulins à vent à eau Pays-Bas
47%
Le rite des tsars de Noël Biélorussie
44%
Chants et danse du tambour des Inuits Danemark
32%
Fabrication et musique d'orgues Allemagne
29%
Le rebétiko Chants Grèce
21%
La Marine des Bouches de Kotor Monténégro
21%
La procession du Saint Sang Belgique
18%
Le hurling Sport Irlande
18%
La représentation de la Passion à Škofja Loka Spectacle Slovénie
18%
Ecole d'équitation espagnole Autriche
15%
Les tapis de Tchiprovtsi Bulgarie
15%
Le sauna à fumée en Voromaa Estonie
15%
Le chidaoba Lutte traditionnelle Géorgie
12%
La fête des 40 saint martyrs à Chtip Macédoine
12%
La céramique de Horezu Roumanie
12%
Les croix de pierre Khachkars Arménie
9%
La broderie de Zmijanja Bosnie-Herzégovine
9%
L'ensemble à cordes Hongrie
9%
Le ftira Art culinaire Malte
9%
La musique de la vallée de Setesdal Norvège
9%
Le kolo Danse traditionnelle Serbie
9%
Les Tsiattista Joutes poétiques Chypre
6%
La fujara Instrument de musique Slovaquie
6%
La chevauchée des rois Tchéquie
6%
La musique polyphonique Isopolyphonie Albanie
3%
La culture des Suiti Lettonie
3%
Les Sutartinés Chants Lituanie
3%
La procession dansante d'Echternach Luxembourg
3%
Aucun quiz correspondant
Distribution des résultats
% des personnes avec chaque résultat
Percentile par nombre de réponses
Votre historique - résultats
Vous n’avez pas pris ce quiz